Normal view
MARC view
- بدوي، عصام
Entry Personal Name
001 - CONTROL NUMBER
- control field: 34589
003 - CONTROL NUMBER IDENTIFIER
- control field: JO-AjAnu
005 - DATE AND TIME OF LATEST TRANSACTION
- control field: 20230606075807.0
008 - FIXED-LENGTH DATA ELEMENTS
- fixed length control field: 230606|| aca||aabn | a|a d
040 ## - CATALOGING SOURCE
- Original cataloging agency: JO-AjAnu
- Transcribing agency: JO-AjAnu
100 ## - HEADING--PERSONAL NAME
- Personal name: بدوي، عصام
670 ## - SOURCE DATA FOUND
- Source citation: Work cat.: (JO-AjAnu)17766: بدوي، عصام, author, التنظيم والإدارة في التربية البدنية والرياضية: استثمار الوقت في ادارة الهيئات الرياضية